Focus sur l’avis du Haut Conseil des finances publiques (notice n° 1615988)

détails MARC
000 -LEADER
fixed length control field 00724cam a2200205 4500500
005 - DATE AND TIME OF LATEST TRANSACTION
control field 20260111080202.0
041 ## - LANGUAGE CODE
Language code of text/sound track or separate title fre
042 ## - AUTHENTICATION CODE
Authentication code dc
100 10 - MAIN ENTRY--PERSONAL NAME
Personal name Galliffet, Nicolas
Relator term author
245 00 - TITLE STATEMENT
Title Focus sur l’avis du Haut Conseil des finances publiques
260 ## - PUBLICATION, DISTRIBUTION, ETC.
Date of publication, distribution, etc. 2017.<br/>
500 ## - GENERAL NOTE
General note 4
690 ## - LOCAL SUBJECT ADDED ENTRY--TOPICAL TERM (OCLC, RLIN)
Topical term or geographic name as entry element budget de l’État
690 ## - LOCAL SUBJECT ADDED ENTRY--TOPICAL TERM (OCLC, RLIN)
Topical term or geographic name as entry element Haut Conseil des finances publiques
690 ## - LOCAL SUBJECT ADDED ENTRY--TOPICAL TERM (OCLC, RLIN)
Topical term or geographic name as entry element principe de sincérité
690 ## - LOCAL SUBJECT ADDED ENTRY--TOPICAL TERM (OCLC, RLIN)
Topical term or geographic name as entry element projet de loi de finances pour 2017
700 10 - ADDED ENTRY--PERSONAL NAME
Personal name Giraud, Pauline
Relator term author
786 0# - DATA SOURCE ENTRY
Note Gestion & Finances Publiques | 1 | 1 | 2017-01-25 | p. 5-10 | 1969-1009
856 41 - ELECTRONIC LOCATION AND ACCESS
Uniform Resource Identifier <a href="https://droit.cairn.info/revue-gestion-et-finances-publiques-2017-1-page-5?lang=fr&redirect-ssocas=7080">https://droit.cairn.info/revue-gestion-et-finances-publiques-2017-1-page-5?lang=fr&redirect-ssocas=7080</a>

Pas d'exemplaire disponible.

PLUDOC

PLUDOC est la plateforme unique et centralisée de gestion des bibliothèques physiques et numériques de Guinée administré par le CEDUST. Elle est la plus grande base de données de ressources documentaires pour les Étudiants, Enseignants chercheurs et Chercheurs de Guinée.

Adresse

627 919 101/664 919 101

25 boulevard du commerce
Kaloum, Conakry, Guinée

Réseaux sociaux

Powered by Netsen Group @ 2025